| 000 | 01292nam a2200361Ia 4500 | ||
|---|---|---|---|
| 001 | ebr10257647 | ||
| 003 | CaPaEBR | ||
| 006 | m u | ||
| 007 | cr cn||||||||| | ||
| 008 | 081005s2008 njua s 001 0 eng d | ||
| 010 | _z 2008934804 | ||
| 020 | _z9780470381199 | ||
| 020 | _z0470381191 | ||
| 040 |
_aCaPaEBR _cCaPaEBR |
||
| 035 | _a(OCoLC)608623288 | ||
| 050 | 1 | 4 |
_aTR897.7 _b.F56 2008eb |
| 100 | 1 | _aFinkelstein, Ellen. | |
| 245 | 1 | 0 |
_aFlash CS4 for dummies _h[electronic resource] / _cby Ellen Finkelstein and Gurdy Leete. |
| 260 |
_aHoboken, N.J. : _bWiley Pub., _cc2008. |
||
| 300 |
_axix, 376 p. : _bcol. ill. |
||
| 490 | 1 | _a--For dummies | |
| 500 | _aIncludes index. | ||
| 533 |
_aElectronic reproduction. _bPalo Alto, Calif. : _cebrary, _d2011. _nAvailable via World Wide Web. _nAccess may be limited to ebrary affiliated libraries. |
||
| 630 | 0 | 0 | _aFlash (Computer file) |
| 650 | 0 | _aComputer animation. | |
| 650 | 0 |
_aWeb sites _xDesign. |
|
| 650 | 0 | _aActionScript (Computer program language) | |
| 655 | 7 |
_aElectronic books. _2local |
|
| 700 | 1 | _aLeete, Gurdy. | |
| 710 | 2 | _aebrary, Inc. | |
| 830 | 0 | _a--For dummies. | |
| 856 | 4 | 0 |
_uhttp://site.ebrary.com/lib/rucke/Doc?id=10257647 _zAn electronic book accessible through the World Wide Web; click to view |
| 999 |
_c32026 _d32026 |
||